MARC details
| 000 -LÍDER |
| campo de controle de tamanho fixo |
01735nam a2200361 4500 |
| 001 - NÚMERO DE CONTROLE |
| campo de controle |
265 |
| 003 - IDENTIFICADOR DO NÚMERO DE CONTROLE |
| campo de controle |
OSt |
| 005 - DATA E HORÁRIO DA ÚLTIMA TRANSAÇÃO |
| campo de controle |
20250528074016.0 |
| 008 - CAMPO DE DADOS FIXOS--INFORMAÇÃO GERAL |
| campo de controle de tamanho fixo |
250225b |||||||j |||| 00| 1 eng d |
| 020 ## - ISBN - INTERNATIONAL STANDARD BOOK NUMBER |
| ISBN - International Standard Book Number |
8526206974 |
| 040 ## - FONTE DA CATALOGAÇÃO |
| Idioma da catalogação |
por |
| 041 ## - CÓDIGO DE IDIOMA |
| Código do idioma do original e/ou traduções intermediárias do texto |
eng |
| Código do idioma do texto/trilha sonora ou título diferente |
por |
| 082 ## - CDD - CLASSIFICAÇÃO DECIMAL DE DEWEY |
| Número de Classificação |
028.5 |
| Número do exemplar |
M531m |
| 100 1# - ENTRADA PRINCIPAL--NOME PESSOAL |
| Nome pessoal |
Melville, Herman, |
| Datas associadas ao nome |
1819-1891 |
| 9 (RLIN) |
492 |
| 240 ## - TÍTULO UNIFORME |
| Título uniforme |
Moby Dick |
| 245 ## - TÍTULO |
| Título |
Moby Dick: |
| Restante do título |
A baleia branca / |
| Indicação de responsabilidade, etc. |
Melville, Herman ; Tradução e Adaptação por Werner Zotz |
| 250 ## - EDIÇÃO |
| Declaração de edição |
7° edição |
| 260 ## - PUBLICAÇÃO, DISTRIBUIÇÃO, ETC. |
| Local de publicação, distribuição, etc. |
São Paulo |
| Nome do editor, distribuidor, etc. |
Scipione |
| Data da publicação, distribuição, etc. |
1997 |
| 300 ## - DESCRIÇÃO FÍSICA |
| Extensão |
118 p. |
| Outros detalhes físicos |
il. |
| 490 1# - TÍTULO DA SÉRIE |
| Título da série |
Reencontro |
| 520 ## - NOTA DE RESUMO, ETC. |
| Resumo, etc. |
Na cidade de New Bedford, em Massachusetts, o marinheiro Ismael conhece o arpoador Queequeg e, juntos, partem para a ilha de Nantucket em busca de trabalho no mercado de caça às baleias. Lá, eles embarcaram no baleeiro Pequod para uma viagem de três anos aos mares do sul. Entre eles, tripulantes de diversas nacionalidades: os imediatos Starbuck, Stubb e Flask; os arpoadores Tashtego e Daggoo, além de Ahab, o sombrio capitão que ostenta uma enorme cicatriz do rosto ao pescoço e uma perna artificial, feita do osso de cachalote. Obcecado por encontrar a fera responsável por seus ferimentos e que nenhum arpoador jamais conseguiu abater - a temível "Moby Dick" -, o capitão Ahab conduz o baleeiro e toda a sua tripulação por uma rota de perigos e incertezas. |
| 650 #0 - ASSUNTO--TERMO TÓPICO |
| Cabeçalho tópico ou nome geográfico |
Literatura Americana |
| 9 (RLIN) |
84 |
| 650 #0 - ASSUNTO--TERMO TÓPICO |
| Cabeçalho tópico ou nome geográfico |
Infantojuvenil |
| 9 (RLIN) |
200 |
| 650 #0 - ASSUNTO--TERMO TÓPICO |
| Cabeçalho tópico ou nome geográfico |
Aventura |
| 9 (RLIN) |
47 |
| 650 #0 - ASSUNTO--TERMO TÓPICO |
| Cabeçalho tópico ou nome geográfico |
Viagens |
| 9 (RLIN) |
189 |
| 650 #0 - ASSUNTO--TERMO TÓPICO |
| Cabeçalho tópico ou nome geográfico |
Clássicos |
| 9 (RLIN) |
77 |
| 650 #0 - ASSUNTO--TERMO TÓPICO |
| Cabeçalho tópico ou nome geográfico |
Filme |
| 9 (RLIN) |
26 |
| 655 #0 - TERMO DE ÍNDICE--GÊNERO E FORMA |
| Gênero/forma/ou termo foco |
Romance |
| 655 #0 - TERMO DE ÍNDICE--GÊNERO E FORMA |
| Gênero/forma/ou termo foco |
Ficção |
| 700 ## - ENTRADA ADICIONADA - NOME PESSOAL |
| Nome pessoal |
Werner Zotz |
| Função do autor por extenso |
Tradução |
| -- |
Adaptação |
| 9 (RLIN) |
493 |
| 830 ## - ENTRADA SECUNDÁRIA DE SÉRIE--TÍTULO UNIFORME |
| Título uniforme |
Reencontro |
| 9 (RLIN) |
246 |
| 942 ## - ELEMENTOS DE ENTRADA ADICIONADOS (KOHA) |
| Fonte de classificação ou esquema de arquivamento |
Classificação decimal de Dewey |
| Ocultar no OPAC |
Não |
| Tipo de material Koha |
Livros |